000 00525nam a2200217Ia 4500
005 20230810105235.0
008 131103s9999 xx 000 0 und d
040 _aLoreto College
041 _aEnglish
082 _a920
_bSTU-LAN
100 _aLang,Andrew
245 4 _aThe Mystery of Mary Stuart
_cAndrew Lang
250 _a2nd ed.
260 _aNew York
_bLongmans
_c1902
300 _axxiv,450 p.
504 _aIncludes index
650 _aStuart,Mary
651 _aBiography
850 _aLCLIB
942 _cBK
999 _c14036
_d64515